Alle Länder des Britischen Kolonialreichs - Statistiken

Allgemein
  • Dieses Quiz wurde 38 mal gespielt
  • Das Durchschnittsergebnis liegt bei 40 aus 65
Antwortstatistiken
Antwort % Korrekt
Indien
97%
Südafrika
97%
Australien
93%
Kanada
93%
Neuseeland
93%
Ägypten
90%
Pakistan
90%
Sri Lanka
90%
Ghana
87%
USA
87%
Bangladesch
80%
Jemen
80%
Nigeria
80%
Oman
80%
Singapur
77%
Namibia
73%
Tansania
73%
China
70%
Irak
70%
Israel
70%
Jamaika
70%
Jordanien
70%
Katar
70%
Malaysia
70%
Sudan
70%
Südsudan
70%
Bahrain
67%
Papua Neuguinea
67%
Bahamas
63%
Myanmar
63%
Simbabwe
63%
Trinidad und Tobago
63%
Vereinigte Arabische Emirate
63%
Botswana
60%
Fidschi
60%
Sambia
60%
Uganda
60%
Barbados
57%
Indonesien
57%
Lesotho
57%
Malediven
57%
Bhutan
53%
Kamerun
53%
Kuwait
53%
Malawi
53%
St. Kitts und Nevis
53%
St. Lucia
53%
Antigua und Barbuda
50%
Belize
50%
Seychellen
50%
Gambia
47%
Grenada
47%
Mauritius
47%
St. Vincent und die Grenadinen
47%
Brunei
43%
Grossbritannien
43%
Sierra Leone
43%
Zypern
40%
Dominica
33%
Costa Rica
27%
Nicaragua
23%
Türkei
20%
Marokko
17%
Cookinseln
3%
Somaliland
3%
Keine übereinstimmenden Quizze gefunden
Verteilung der Resultate
Anzahl Personen mit jedem Resultat
Perzentil nach korrekt beantworteten Fragen
Ihre Resultats-Entwicklung
Sie haben dieses Quiz noch nicht gespielt